|
|
|
|
| LEADER |
00000cam a2200000 a 4500 |
| 001 |
vtls001093075 |
| 003 |
SK-MaSNL |
| 005 |
20260301111308.0 |
| 008 |
230501s1983 xo grn 0010idslo |
| 015 |
|
|
|a SNBA1983
|
| 020 |
|
|
|q (viazané)
|
| 035 |
|
|
|a SNK000035917
|
| 035 |
|
|
|a 69BD8198-2BFC-4665-9981-6872FC53C926
|
| 035 |
|
|
|a urn:nbn:sk:snk-am00ij98
|
| 040 |
|
|
|a SNK
|b slo
|c SNK
|e AACR2
|
| 041 |
0 |
|
|a slo
|
| 044 |
|
|
|a xo
|c SK
|
| 072 |
|
7 |
|a 821.162.4.09
|x Slovenská literatúra (o nej)
|2 konspekt
|
| 072 |
|
7 |
|a 82
|x Literatúra. Literárny život
|2 konspekt
|
| 080 |
|
|
|a 82.0-051
|2 2011
|
| 080 |
|
|
|a (0:82-6)
|2 2011
|
| 245 |
0 |
0 |
|a Listy Jozefa Škultétyho
|n 2
|p 1911-1941
|c pripravil Michal Kocák
|
| 246 |
3 |
0 |
|a 1911-1941
|
| 250 |
|
|
|a 1. vyd.
|
| 260 |
|
|
|a Martin
|b Matica slovenská
|c 1983
|
| 300 |
|
|
|a 337 strán
|c 21 cm
|
| 366 |
|
|
|e 800 kusov
|
| 490 |
1 |
|
|a Teória a výskum. Monografie - Documenta Litteraria Slovaca
|v zv. 19
|
| 500 |
|
|
|a Edičná poznámka na strane 301-303. Zoznam listov na strane 305-309. Menoslov adresátov listov na strane 310-317. Obsahuje biografické údaje Š. Škultétyho
|
| 504 |
|
|
|a Menný register k 1. a 2. zväzku na strane 319-[338]. Obsahuje bibliografické odkazy
|
| 600 |
1 |
7 |
|a Škultéty, Jozef,
|d 1853-1948
|2 SNKMA
|9 189198
|
| 630 |
0 |
7 |
|a Slovenské pohľady (časopis)
|2 SNKPH
|9 298255
|
| 630 |
0 |
7 |
|a Národné noviny
|2 SNKPH
|9 448012
|
| 648 |
|
7 |
|a 1911-1941
|2 SNKPH
|9 450425
|
| 650 |
0 |
7 |
|a literárni vedci
|2 SNKPH
|9 220855
|
| 655 |
|
7 |
|a korešpondencia
|2 SNKPH
|9 60843
|
| 700 |
1 |
|
|a Kocák, Michal,
|d 1934-2024
|4 com
|4 aui
|4 cwt
|9 106985
|
| 830 |
|
0 |
|a Teória a výskum
|p Monografie - Documenta Litteraria Slovaca
|9 351299
|
| 852 |
|
|
|a Slovenská národná knižnica
|
| 954 |
|
|
|a beletria pôvodná (slovenská)
|2 lita
|
| 958 |
|
|
|a RK
|
| 958 |
|
|
|a TL
|
| 958 |
|
|
|a LX
|
| 958 |
|
|
|a NB
|
| 958 |
|
|
|a OND
|
| 958 |
|
|
|a EUIPO
|
| 999 |
|
|
|c 706366
|d 708296
|
| 952 |
|
|
|t P60, <04>, [BOOK], {604}
|a SNK
|b SNK
|y VYP
|7 0
|p 17A0115168
|o snkSC 56812/2 D1
|0 0
|1 0
|4 0
|d 1998-01-08
|l 0
|r 2004-12-31 00:00:00
|w 2026-02-23
|
| 952 |
|
|
|t P60, <04>, [BOOK], {604}
|a SNK
|b SNK
|y VYP
|7 0
|p 17A0370804
|o snkSC 56812/2 D2
|0 0
|1 0
|4 0
|d 2003-01-29
|l 0
|r 2004-12-31 00:00:00
|w 2026-02-23
|
| 952 |
|
|
|a SNK
|b SNK
|y PREZ
|7 0
|p 17A0875445
|o snkSC 56812/2
|i snkKSP 9202/83
|0 0
|1 0
|4 0
|d 2012-08-13
|f 1
|l 0
|r 2025-05-29 00:00:00
|w 2026-02-23
|